European Olympic Committees (Record no. 120351)

MARC details
000 -LEADER
fixed length control field 00587cam a2200181 4500
001 - CONTROL NUMBER
control field WS124025
008 - FIXED-LENGTH DATA ELEMENTS--GENERAL INFORMATION
fixed length control field 031024n 000 0 eng u
035 ## - SYSTEM CONTROL NUMBER
System control number (Sirsi) u124025
245 ## - TITLE STATEMENT
Title European Olympic Committees
520 ## - SUMMARY, ETC.
Summary, etc. Web site for this body representing the various European Olympic committees. Includes links to them all.
650 ## - SUBJECT ADDED ENTRY--TOPICAL TERM
Topical term or geographic name entry element OLYMPIC GAMES
650 ## - SUBJECT ADDED ENTRY--TOPICAL TERM
Topical term or geographic name entry element EUROPE
650 ## - SUBJECT ADDED ENTRY--TOPICAL TERM
Topical term or geographic name entry element INTERNATIONAL
650 ## - SUBJECT ADDED ENTRY--TOPICAL TERM
Topical term or geographic name entry element SPORT
690 ## - LOCAL SUBJECT ADDED ENTRY--TOPICAL TERM (OCLC, RLIN)
Topical term or geographic name as entry element LEISURE AND RECREATION
856 40 - ELECTRONIC LOCATION AND ACCESS
Uniform Resource Identifier <a href="https://www.eurolympic.org">https://www.eurolympic.org</a>
Public note View the website free of charge at www.eurolympic.org...
942 ## - ADDED ENTRY ELEMENTS (KOHA)
Suppress in OPAC 0
Holdings
Withdrawn status Lost status Source of classification or shelving scheme Damaged status Not for loan Home library Current library Shelving location Date acquired Total Checkouts Full call number Barcode Date last seen Copy number Price effective from Koha item type
    Dewey Decimal Classification     Virtual Virtual Online 24/10/2003   WEB SITE 124025-1001 06/08/2019 1 06/08/2019 Online material